Normal view
MARC view
- تدريس-أساليب. التربية و التعليم-أهداف وغايات
Entry Topical Term
001 - CONTROL NUMBER
- control field: 22461
003 - CONTROL NUMBER IDENTIFIER
- control field: JO-AjAnu
005 - DATE AND TIME OF LATEST TRANSACTION
- control field: 20230606073857.0
008 - FIXED-LENGTH DATA ELEMENTS
- fixed length control field: 230606|| aca||aabn | a|a d
040 ## - CATALOGING SOURCE
- Original cataloging agency: JO-AjAnu
- Transcribing agency: JO-AjAnu
150 ## - HEADING--TOPICAL TERM
- Topical term or geographic name entry element: تدريس-أساليب. التربية و التعليم-أهداف وغايات
670 ## - SOURCE DATA FOUND
- Source citation: Work cat.: (JO-AjAnu)11544: الدريج،محمد, author 22460, التدريس الهادف من نموذج التدريس بالأهداف إلى نموذج التدريس بالكفايات